000
00284nam a22001337a 4500
008
170327b xxu||||| |||| 00| 0 eng d
020
_a
2801560533582
041
_a
eng
080
_a
615.83
100
_a
8
101
_a
SHM
245
_a
SPINE SECRETS
_c
DEVLIN, V.J
942
_2
udc
_c
BK
999
_c
8740
_d
8740